Business laws of Kuwait and Qatar.
| Format: | Book |
|---|---|
| Published: |
Doha, Qatar:
West,
2012.
|
| Edition: | 2012 ed. |
| Subjects: |
| LEADER | 00492cam a2200181 7i4500 | ||
|---|---|---|---|
| 001 | 0000028397 | ||
| 005 | 20130125090000.0 | ||
| 020 | 0 | 0 | |a 9780314608000 |
| 090 | 0 | 0 | |a WESA 346 |b BUS |
| 245 | 0 | 0 | |a Business laws of Kuwait and Qatar. |
| 250 | 0 | 0 | |a 2012 ed. |
| 260 | 0 | 0 | |a Doha, Qatar: |b West, |c 2012. |
| 300 | # | # | |a 286 p. |
| 650 | 0 | 0 | |a Commercial law -- |z Kuwait |
| 650 | 0 | 0 | |a Commercial law -- |z Qatar |
| 651 | 0 | 0 | |a Kuwait |
| 651 | 0 | 0 | |a Qatar |
| 999 | |a B000031896 |b Book |c Countries |e Business Information Centre | ||


